| 000 | 00386 a2200133 4500 | ||
|---|---|---|---|
| 005 | 20250318102441.0 | ||
| 020 | _a978-2-09-035424-9 | ||
| 082 | _a445 PEN | ||
| 100 | _aPENFORNIS, J. L. | ||
| 245 | _aFrancais. Com: Methode de francais professionel et des affaires | ||
| 260 |
_aParis, _bCle International, _c2007. |
||
| 300 |
_a155p.: ill.; picture, table. _bIndex. _c29cm. |
||
| 942 |
_2ddc _cBKS |
||
| 999 |
_c893 _d893 |
||